The Lord of the rings. B. 1$90: The fellowship of the ring, vol. 1 (Запись № 2489526)

Подробности
000 -МАРКЕР
контрольное поле 00855nam2a2200229 4500
001 - ИДЕНТИФИКАТОР ЗАПИСИ
контрольное поле RU\NLR\b_ik\84111
005 - ИДЕНТИФИКАТОР ВЕРСИИ
контрольное поле 20250616224616.0
010 ## - МЕЖДУНАРОДНЫЙ СТАНДАРТНЫЙ НОМЕР КНИГИ (ISBN)
Номер (ISBN) 5-7836-0485-2
Тираж 10000
035 ## - ДРУГИЕ СИСТЕМНЫЕ НОМЕРА
Идентификатор записи (NLR Aleph) 002158210
100 ## - ДАННЫЕ ОБЩЕЙ ОБРАБОТКИ
Данные общей обработки 20020516d2002 |||y0rusy50 ca
101 0# - ЯЗЫК РЕСУРСА
Язык текста, звукозаписи и т.д. английский
102 ## - СТРАНА ПУБЛИКАЦИИ ИЛИ ПРОИЗВОДСТВА
Страна публикации Российская Федерация
105 ## - ПОЛЕ КОДИРОВАННЫХ ДАННЫХ: ТЕКСТОВЫЕ МАТЕРИАЛЫ, МОНОГРАФИЧЕСКИЕ
Кодированные данные о монографическом текстовом документе y |||||||||
200 1# - ЗАГЛАВИЕ И СВЕДЕНИЯ ОБ ОТВЕТСТВЕННОСТИ
Основное заглавие The fellowship of the ring, vol. 1
210 ## - ПУБЛИКАЦИЯ, РАСПРОСТРАНЕНИЕ И ДР.
Дата издания, распространения и т.д. 2002
Место издания, распространения и т.д. Б. м.
215 ## - ФИЗИЧЕСКАЯ ХАРАКТЕРИСТИКА
Специфическое обозначение материала и объем 278, [1] c.
461 #0 - УРОВЕНЬ НАБОРА
Встроенное поле 001RU\NLR\b_ik\89536
-- 2001#$aThe Lord of the rings$fJ.R.R. Tolkien$g[Коммент. Е.В. Гвоздковой]$vB. 1$90
-- 700#1$aTolkien$bJ. R.R.$4070$f1892-1973$gJohn Ronald Reuel
Системный номер (АБИС) связанной записи 2558722
Автор Tolkien, J. R.R. (1892-1973)
Место публикации М.
Дата публикации 2002
Первые сведения об ответственности J.R.R. Tolkien
Имя издателя, распространителя и т.д. Айрис-Пресс
Заглавие The Lord of the rings
Номер тома B. 1$90
801 #0 - ИСТОЧНИК ЗАПИСИ
Страна Российская Федерация
Организация NLR
Дата составления 20020516
Правила каталогизации PSBO
942 ## - ДОПОЛНИТЕЛЬНЫЕ ЭЛЕМЕНТЫ ЗАПИСИ (АБИС)
Тип экземпляра АБИС Книга
980 ## - КОЛЛЕКЦИЯ
Название коллекции Национальная библиография
Экземпляры
Тип экземпляра Дата поступления Источник поступления Библиотека постоянного хранения Библиотека текущего хранения Место хранения Шифр хранения Штрих-код Статус экземпляра Публичное примечание
Книга 16.05.2002 Обязательный экземпляр РНБ (Московский) РНБ (Московский) Иностранный книжный фонд Ик 2002-2/33 1002301   ;